|
|
|
|
| LEADER |
00000cam a2200000 7i4500 |
| 001 |
0000000430 |
| 005 |
20000814.0 |
| 020 |
0 |
0 |
|a 0631161333
|
| 090 |
0 |
0 |
|a 333.75
|b WES 1989
|
| 100 |
1 |
0 |
|a WESTOBY
|h Jack [
|q (Jack c.)]
|
| 245 |
1 |
0 |
|a Introduction to world forestry: People and their trees
|c Jack Westoby
|
| 260 |
0 |
0 |
|a Oxford, UK :
|b Basil Blackwell ,
|c 1989
|
| 300 |
|
|
|a viii, 228 p. :
|b ill. ;
|c 23 cm.
|
| 500 |
0 |
0 |
|a Bibliography: [p. 219-220] and index
|
| 650 |
0 |
0 |
|a Forests and forestry
|
| 999 |
|
|
|a 0000000590
|b Monograph
|c Open Shelf
|e Default branch
|
| 999 |
|
|
|a 0000005820
|b Monograph
|c Open Shelf
|e Default branch
|